Hebrew origins. (Record no. 17665)

000 -LEADER
fixed length control field 00894cam a22003011 4500
001 - CONTROL NUMBER
control field 8831307
003 - CONTROL NUMBER IDENTIFIER
control field OkBaRHE
005 - DATE AND TIME OF LATEST TRANSACTION
control field 20080822080459.0
008 - FIXED-LENGTH DATA ELEMENTS--GENERAL INFORMATION
fixed length control field 730309s1950 nyu b 000 0 eng
010 ## - LIBRARY OF CONGRESS CONTROL NUMBER
LC control number 50011526
015 ## - NATIONAL BIBLIOGRAPHY NUMBER
National bibliography number GB50-11013
035 ## - SYSTEM CONTROL NUMBER
System control number (OCoLC)575359
040 ## - CATALOGING SOURCE
Original cataloging agency DLC
Transcribing agency OCH
Modifying agency Uk
-- PPLT
-- DLC
042 ## - AUTHENTICATION CODE
Authentication code premarc
050 00 - LIBRARY OF CONGRESS CALL NUMBER
Classification number BM 565 .M4
Item number .M386 1950
100 1# - MAIN ENTRY--PERSONAL NAME
Personal name Meek, Theophile James,
Dates associated with a name 1881-1966.
9 (RLIN) 589
245 10 - TITLE STATEMENT
Title Hebrew origins.
250 ## - EDITION STATEMENT
Edition statement Rev. ed.
260 ## - PUBLICATION, DISTRIBUTION, ETC. (IMPRINT)
Place of publication, distribution, etc New York,
Name of publisher, distributor, etc Harper
Date of publication, distribution, etc [1950]
300 ## - PHYSICAL DESCRIPTION
Extent xiii, 246 p.
Dimensions 22 cm.
504 ## - BIBLIOGRAPHY, ETC. NOTE
Bibliography, etc Bibliographical footnotes.
650 #0 - SUBJECT ADDED ENTRY--TOPICAL TERM
Topical term or geographic name as entry element Jews
General subdivision Origin.
9 (RLIN) 590
650 #0 - SUBJECT ADDED ENTRY--TOPICAL TERM
Topical term or geographic name as entry element Jews
General subdivision Civilization.
9 (RLIN) 591
650 #0 - SUBJECT ADDED ENTRY--TOPICAL TERM
Topical term or geographic name as entry element Judaism.
9 (RLIN) 592
906 ## - LOCAL DATA ELEMENT F, LDF (RLIN)
a 7
b cbc
c oclcrpl
d u
e ncip
f 19
g y-gencatlg
942 ## - ADDED ENTRY ELEMENTS (KOHA)
Source of classification or shelving scheme
Koha item type Books
Copies
Permanent Location Koha item type Source of classification or shelving scheme Full call number Barcode Date last seen Shelving location Current Location Copy number Damaged status Lost status Price effective from Withdrawn status Not for loan Date acquired
RHEMA Bible Training CollegeBooks BM 565 .M4 183112018-01-09General StacksRHEMA Bible Training College1  2011-02-10  2011-02-10